The history of the pakistan army : (Record no. 343728)

000 -LEADER
fixed length control field 00979 a2200193 4500
020 ## - INTERNATIONAL STANDARD BOOK NUMBER
International Standard Book Number 0195790154
020 ## - INTERNATIONAL STANDARD BOOK NUMBER
International Standard Book Number 9780195790153
082 04 - DEWEY DECIMAL CLASSIFICATION NUMBER
Classification number 355.0095491
090 ## - LOCALLY ASSIGNED LC-TYPE CALL NUMBER (OCLC); LOCAL CALL NUMBER (RLIN)
-- 1199
-- 1199
100 1# - MAIN ENTRY--PERSONAL NAME
Personal name Cloughley, Brian.
245 14 - TITLE STATEMENT
Title The history of the pakistan army :
Remainder of title wars and insurrections /
Statement of responsibility, etc. Brian Cloughley.
260 ## - PUBLICATION, DISTRIBUTION, ETC.
Place of publication, distribution, etc. [S.l.] :
Name of publisher, distributor, etc. Oxford University Press, USA,
Date of publication, distribution, etc. 1999.
300 ## - PHYSICAL DESCRIPTION
Extent 356 p. ;
Dimensions 22 cm.
500 ## - GENERAL NOTE
General note Hardcover.
520 ## - SUMMARY, ETC.
Summary, etc. The author gives a candid, no holds barred account of the Pakistan army. He describes its evolution, its brutal suppression of the former East Wing (now Bangladesh), the events leading to the overthrow of Prime Minister Zulfikar Ali Bhutto in 1977, and other dramatic episodes in brisk and telling language.
856 40 - ELECTRONIC LOCATION AND ACCESS
Materials specified Amazon.com
Uniform Resource Identifier <a href="http://www.amazon.com/exec/obidos/ASIN/0195790154/chopaconline-20">http://www.amazon.com/exec/obidos/ASIN/0195790154/chopaconline-20</a>
856 40 - ELECTRONIC LOCATION AND ACCESS
Materials specified Amazon customer reviews
Uniform Resource Identifier <a href="http://www.chopac.org/cgi-bin/tools/azrev.pl?q=0195790154">http://www.chopac.org/cgi-bin/tools/azrev.pl?q=0195790154</a>
942 ## - ADDED ENTRY ELEMENTS (KOHA)
Institution code [OBSOLETE] NBS
Koha item type Book
Call number prefix 358.1095491 CLO
Holdings
Withdrawn status Lost status Damaged status Not for loan Permanent Location Current Location Date acquired Total Checkouts Full call number Barcode Date last seen Date last checked out Price effective from Koha item type
        Central Library (CL) Central Library (CL) 08/28/2013 2 358.1095491 CLO NBS1980 10/04/2022 09/07/2022 08/28/2013 Book
© 2023 Central Library, National University of Sciences and Technology. All Rights Reserved.